Datum a čas kvízu
29
Celkem bodů
Celkový počet nahraných bodů na tomto kvízu bez doplňovacích otázek.
9.
Pořadí na kvízu
Konečné umístění týmu na tomto kvízu.
Zaznamenané odpovědi
| # | Otázka | Odpověď | Body | Výsledky |
|---|---|---|---|---|
| 1. | V minulých dnech bylo v médiíc... | Pavel Tuleja | 1 | |
| 2. | Ke dvěma a půl letům vězení by... | D | 0 | |
| 3. | Pod kterým pseudonymem působí... | Nemo | 1 | |
| 4. | Objem daňových nedoplatků za l... | Česká správa sociálního zabezpečení | 1 | |
| 5. | Po dvanáctidenní plavbě dovezl... | Marseille | 0 | |
| 6. | Podíváme se do zemí či krajů,... | Muž z Acapulca | 1 | |
| 7. | Ve filmu Tři veteráni ztvárnil... | B | 0 | |
| 8. | Nyní se podíváme do malé vesni... | Kyselá prdel (Bad Ass) | 1 | |
| 9. | Přiřaďte tyto postavy z knižní... | 1D 2C 3A 4B | 1 | |
| 10. | Děj které humoristické novely... | Rozmarné léto | 0 |